000
00352 a2200169 4500
001
186882
020
_a
85-16-01185-2
040
_c
Magnum
100
_a
Porto, Cristina
240
1
0
_a
Da cabeca aos pes
_l
por
245
1
0
_a
Da cabeca aos pes
300
_a
31
362
0
_a
1995
440
1
_a
Moderna
697
_a
LITERATURA INFANTO
942
_c
BK
999
_c
186882
_d
186882